| 000 | 006260000a22001810004500 | ||
|---|---|---|---|
| 090 |
_aAR _b03582 |
||
| 245 | 1 | 0 | _aHow do groups solve local commons dilemmas? lessons from experimental economics in the field |
| 500 | _a<Colección uso y valoración> | ||
| 650 | 1 | 4 |
_aEconomía experimental _997247 |
| 650 | 1 | 4 |
_aParticipación comunitaria _993999 |
| 650 | 1 | 4 |
_aEconomía institucional _959091 |
| 650 | 1 | 4 |
_aTeoría de juegos _994923 |
| 651 | 4 |
_pColombia _992749 |
|
| 041 | 0 | _aInglés | |
| 100 | 1 |
_aCárdenas, Juan Camilo _92215 |
|
| 942 | _cARTICULO | ||
| 773 | 1 |
_tEnvironmental Development ans Sustainability _q305-322 _d2000 _g2 |
|
| 999 |
_c12632 _d12632 |
||